000
00259nam a2200109Ia 4500
008
191206s9999 xx 000 0 und d
090
_a
PR92729N32
245
2
_a
A House for Mr. Biswas
260
_a
Penguin Books
260
_c
c[c1961]
300
_a
531 p. 21 cm.
999
_c
15367
_d
15367